| 000 | 00938nam a2200241 a 4500 | ||
|---|---|---|---|
| 001 | 000025048 | ||
| 005 | 20200930023530.0 | ||
| 008 | 110209s1968 sp ad r 001 0 spa d | ||
| 040 |
_aDO-SdBNP _bspa _cBNPHU |
||
| 082 |
_axxxxx _bR982a |
||
| 100 | 1 |
_aRutten, M. G. _951389 |
|
| 245 | 1 | 0 |
_aAspectos geológicos del origen de la vida sobre la tierra / _cM. G. Rutten ; traducción Cecilio Sánchez Gil ; supervisión José María Ríos. |
| 260 |
_aMadrid : _bAlhambra, _c1968. |
||
| 300 |
_aviii, 165 p. : _bil., mapas., retrs. ; _c20 cm. |
||
| 490 | 1 |
_aExedra, sección IX geología ; _v1 |
|
| 500 | _aIncluye índice de temas. | ||
| 500 | _aIncluye notas al pie de las páginas. | ||
| 534 |
_aTítulo original: _tThe geological aspects of the origin of life on earth. |
||
| 700 | 1 |
_aSánchez Gil, Cecilio, _etr. _951390 |
|
| 700 | 1 |
_aRíos, José María _951391 |
|
| 830 | 0 |
_aExedra, sección IX geología ; _n1 _951392 |
|
| 049 | _aBNGR | ||
| 999 |
_c24541 _d24541 |
||